1082 1310 1460 1789 1831 1027 1679 1586 1847 1612 1214 1450 1170 1646 1731 1658 1884 1035 1925 1706 1211 1165 1010 1182 1094 1611 1014 1631 1934 1868 1576 1479 1493 1803 1338 1173 1241 1439 1089 1109 1416 1493 1781 1616 1401 1380 1008 1436 1372 1920 1747 1259 1431 1240 1321 1705 1069 1168 1322 1565 1267 1700 1804 1778 1375 1887 1790 1109 1845 1742 1699 1904 1645 1618 1855 1691 1128 1398 1528 1108 1874 1025 1141 1885 1485 1152 1073 1952 1126 1686 1752 1104 1768 1813 1679 1199 1917 1216 1359 BCNSPRNW ULIB Ver.6.0+V

เปลี่ยนเป็นภาษาไทย

Change to English
 แสดงรายละเอียดบรรณานุกรม
  กลับหน้าหลัก

Brief Record : Get Marc (ISO 2709) : E-mail record : QR code < ปิดหน้าต่าง
LEADER : 00000nam 2200000uu 4500
001    13399126245
003     ULIB
008    180827s2560||||th 000 0 tha d
020    ^a9786164260481
060    ^aWG169 จ171ศ
100    ^aจรัญ สายะสถิตย์
245    ^aศัลยศาสตร์โรคหัวใจที่พบบ่อย = Common cardiac surgery
250    ^aพิมพ์ครั้งที่ 2
260    ^aพิษณุโลก :^bสำนัักพิมพ์มหาวิทยาลัยนเรศวร,^c2560
300    ^a176 หน้า :^bภาพประกอบ ;^c26 ซม.
650    ^aหัวใจ -- โรค -- การรักษา
945    ^p350^l0^i004374
945    ^p350^l0^i004373
945    ^p350^l0^i004372
999    ^aประนอม เกษจรัล
รายการนี้ยังไม่มีแท็ก
คุณยังไม่ได้ล็อกอิน คุณสามารถมีกิจกรรมร่วมกับเว็บไซต์ได้ แต่ต้องล็อกอินก่อน ::
  ล็อกอิน

รายการสื่อสารสนเทศ

ลำดับที่ ประเภท เลขเรียก/บาร์โค้ด สถานที่ สถานะ
1. วิทยาศาสตร์การแพทย์ และสุขภาพ
หนังสือสำรอง
สถานะ=หนังสือสำรอง
WG169 จ171ศ ฉ.1 
  Barcode: 004372
ห้องสมุดวิทยาเขตสวรรค์ประชารักษ์
►หนังสือทั่วไป
บนชั้น
2. วิทยาศาสตร์การแพทย์ และสุขภาพ
วิทยาศาสตร์การแพทย์ และสุขภาพ
WG169 จ171ศ ฉ.2 
  Barcode: 004373
ห้องสมุดวิทยาเขตสวรรค์ประชารักษ์
►หนังสือทั่วไป
บนชั้น
3. วิทยาศาสตร์การแพทย์ และสุขภาพ
วิทยาศาสตร์การแพทย์ และสุขภาพ
WG169 จ171ศ ฉ.3 
  Barcode: 004374
ห้องสมุดวิทยาเขตสวรรค์ประชารักษ์
►หนังสือทั่วไป
บนชั้น

รายการใกล้เคียง
    ชื่อเรื่อง [ศัลยศาสตร์โรคหัวใจที่พบบ่อย = Common cardiac surgery]

    ผู้แต่ง [จรัญ สายะสถิตย์]

    หัวเรื่อง [หัวใจ -- โรค -- การรักษา]

BibComment


ยังไม่เคยถูกคอมเมนท์

คอมเมนท์ทรัพยากรรายการนี้
  คอมเมนท์: ศัลยศาสตร์โรคหัว..


 Copyright 2026. Bcnsprnw @Library